Normal view
MARC view
- البطالة - العمل - الامن الداخلي - مصر
Entry Topical Term
001 - CONTROL NUMBER
- control field: 52016
003 - CONTROL NUMBER IDENTIFIER
- control field: JO-AjAnu
005 - DATE AND TIME OF LATEST TRANSACTION
- control field: 20230606082543.0
008 - FIXED-LENGTH DATA ELEMENTS
- fixed length control field: 230606|| aca||aabn | a|a d
040 ## - CATALOGING SOURCE
- Original cataloging agency: JO-AjAnu
- Transcribing agency: JO-AjAnu
150 ## - HEADING--TOPICAL TERM
- Topical term or geographic name entry element: البطالة - العمل - الامن الداخلي - مصر
670 ## - SOURCE DATA FOUND
- Source citation: Work cat.: (JO-AjAnu)26584: اعداد جمعة، مجدي محمد, author 52015, تأثير البطالة على الامن في مصر : المشكلة وآليات المواجهة